चिंतनिका (Record no. 954480)

MARC details
000 -LEADER
fixed length control field 00347nam a2200121Ia 4500
008 - FIXED-LENGTH DATA ELEMENTS--GENERAL INFORMATION
fixed length control field 151001s9999||||xx |||||||||||||| ||und||
100 ## - MAIN ENTRY--PERSONAL NAME
Personal name दुर्गा - भागवत
245 ## - TITLE STATEMENT
Title चिंतनिका
260 ## - PUBLICATION, DISTRIBUTION, ETC. (IMPRINT)
Name of publisher, distributor, etc मॅजेस्टीक प्रकाशन मुंबई
260 ## - PUBLICATION, DISTRIBUTION, ETC. (IMPRINT)
Date of publication, distribution, etc 1968
300 ## - PHYSICAL DESCRIPTION
Extent 154
365 ## - TRADE PRICE
Price amount 8.5

No items available.